| 000 | 01633ngm a2200385 4500 | ||
|---|---|---|---|
| 003 | dpl | ||
| 005 | 2009031308488.0 | ||
| 007 | DVD | ||
| 008 | ||||||sp199 xxu|||||c|||| 00| 0 eng d | ||
| 010 | _aDVD-000985-986 | ||
| 024 |
_c699.00 _aDPA001 |
||
| 035 | _aDVD-000985-986 | ||
| 040 |
_aDPL _cDPL |
||
| 082 | _aDVD / MISS | ||
| 245 |
_aMission Impossible : III _cParamount Picture Presents _h[videorecording] DVD/ |
||
| 250 | _a2 Disc Collectors Edition | ||
| 260 | _bSa Re Ga Ma Home Video | ||
| 300 |
_a2 videodisc DVD; _bsd., col. ; _c4 3/4 in. _fDVD |
||
| 440 | _aSa Re Ga Ma Home Video | ||
| 500 | _aThis DVD is Copy Protected | ||
| 500 | _a"The Best Mission Impossible Yet" | ||
| 500 | _aSmartly Paced Suspense | ||
| 538 | _iLanguage: Dolby Digital 5.1-English, Crech, Hungarian Subtitles: English, German, Slovenian, Icelandic, Greek | ||
| 538 | _aAspect Ratio: 2.35:1, Presentation type: Wide Screen Presentation Size 16x9 | ||
| 650 | _aMotion Picture | ||
| 700 | _aLyons, Jeffrey | ||
| 700 | _aCruise, Tom | ||
| 700 | _aRhames, Ving | ||
| 700 | _aCrudup, Billy | ||
| 700 | _aBramson, Danny | ||
| 942 |
_cCF _2ddc _hDVD _mMISS |
||
| 999 |
_c16814 _d16814 |
||